[Event "Vilnius"]
[Site "Vilnius"]
[Date "1978.??.??"]
[Round "10"]
[White "Chiburdanidze, Maia"]
[Black "Dvorietzky, Mark I"]
[Result "1/2-1/2"]
[WhiteElo "2340"]
[BlackElo "2525"]

1.e4 c5 2.Nf3 e6 3.d4 cxd4 4.Nxd4 Nf6 5.Nc3 Nc6 6.Ndb5 d6 7.Bf4 e5 8.Bg5 a6
9.Na3 b5 10.Nab1 Be7 11.Bxf6 Bxf6 12.a4 b4 13.Nd5 O-O 14.Bc4 Bg5 15.Nd2 Bb7
16.O-O Rc8 17.Nf3 Nd4 18.b3 Bxd5 19.Bxd5 Rxc2 20.Nxd4 Rd2 21.Nc6 Rxd1 22.Nxd8 Rxa1
23.Rxa1 Rxd8  1/2-1/2

[Event "Vilnius"]
[Site "Vilnius"]
[Date "1978.??.??"]
[Round "13"]
[White "Piesina, Gintautas"]
[Black "Chiburdanidze, Maia"]
[Result "1-0"]
[WhiteElo "2200"]
[BlackElo "2340"]

1.d4 Nf6 2.c4 g6 3.Nc3 Bg7 4.e4 d6 5.Be2 O-O 6.Nf3 e5 7.O-O Nc6 8.d5 Ne7
9.Ne1 Nd7 10.Nd3 f5 11.Bd2 Nf6 12.f3 f4 13.Rc1 g5 14.c5 Ng6 15.cxd6 cxd6
16.Nf2 h5 17.Nb5 Rf7 18.Qc2 Ne8 19.a4 Bf8 20.a5 Rg7 21.h3 Nh4 22.Bb4 a6 23.Na3 g4
24.fxg4 Nf6 25.Qd1 hxg4 26.hxg4 Bxg4 27.Nxg4 Nxg2 28.Kxg2 Nxg4 29.Bxg4 Qh4
30.Rg1 f3+ 31.Qxf3 Be7 32.Qg3 Rxg4 33.Qxg4+ Qxg4+ 34.Kh1  1-0

[Event "Vilnius"]
[Site "Vilnius"]
[Date "1978.??.??"]
[Round "14"]
[White "Chiburdanidze, Maia"]
[Black "Mikenas, Vladas"]
[Result "1/2-1/2"]
[WhiteElo "2340"]
[BlackElo "2205"]

1.e4 Nf6 2.e5 Nd5 3.d4 d6 4.Nf3 Bg4 5.Be2 Nc6 6.exd6 exd6 7.O-O Be7 8.h3 Bh5
9.c4 Nb6 10.Nc3 O-O 11.d5 Bxf3 12.Bxf3 Ne5 13.b3 Bf6 14.Bb2 a5 15.Be2 a4
16.Rb1 axb3 17.axb3 Ng6 18.Qd2 Re8 19.Rfe1 Nd7 20.Bf1 Nc5 21.Qc2 Be5 22.b4 Na6
23.Qb3 c5 24.dxc6 bxc6 25.b5 Nc5 26.Qd1 Qb6 27.Qf3 Rac8 28.g3 Re6 29.bxc6 Qxc6
30.Qxc6 Rxc6 31.Red1 Rb6 32.Nb5 h5 33.h4 Bxb2 34.Rxb2 Ne5 35.Be2 Ng4 36.Bf3 Nf6
37.Ra2 g6 38.Ra7 Nce4 39.Rc7 Re5 40.Ra1 Rf5 41.Ra8+ Kg7 42.Nd4 Rxf3 43.Nxf3 Rb1+
44.Kg2 Rb2 45.Ng5 Nxg5 46.hxg5 Ne4 47.Rcc8 Nxg5 48.Rg8+ Kf6 49.Rge8 Rc2 50.Rad8 Rxc4
51.Rxd6+ Kg7 52.Red8 h4  1/2-1/2

[Event "URS-ch (Women)"]
[Site "Tbilisi"]
[Date "1979.??.??"]
[Round "1"]
[White "Akhmilovskaya, Elena"]
[Black "Chiburdanidze, Maia"]
[Result "0-1"]
[WhiteElo "2295"]
[BlackElo "2380"]

1.e4 c5 2.Nf3 d6 3.d4 cxd4 4.Nxd4 Nf6 5.Nc3 a6 6.Bg5 e6 7.Qf3 Be7 8.O-O-O Qc7
9.Qg3 Nbd7 10.Be3 O-O 11.Nd5 Nxd5 12.exd5 Nc5 13.dxe6 fxe6 14.f3 Bd7 15.Nb3 Na4
16.Bg5 Rac8 17.Rd2 Bxg5 18.Qxg5 Rf5 19.Qe3 Re5 20.Qf2 a5 21.f4 Re4 22.Bd3 Rb4
23.f5 Nxb2 24.Kxb2 Qc3+ 25.Kb1 a4 26.Qe1 axb3 27.cxb3 Rxb3+ 28.axb3 Ra8 29.Rb2 Qxd3+
30.Rc2 Qxb3+ 31.Rb2 Qd3+ 32.Rc2 e5  0-1

[Event "URS-ch (Women)"]
[Site "Tbilisi"]
[Date "1979.??.??"]
[Round "2"]
[White "Semenova, Lidia K"]
[Black "Chiburdanidze, Maia"]
[Result "1/2-1/2"]
[WhiteElo "2245"]
[BlackElo "2380"]

1.e4 c5 2.Nf3 d6 3.d4 cxd4 4.Nxd4 Nf6 5.Nc3 a6 6.Be3 e5 7.Nb3 Be6 8.Be2 Be7
9.O-O O-O 10.f4 Qc7 11.Nd5 Bxd5 12.exd5 b5 13.a4 b4 14.Rc1 Nbd7 15.c4 bxc3
16.bxc3 Ne4 17.Bd3 Nec5 18.Nxc5 Nxc5 19.Bb1 e4 20.f5 Bf6 21.Bd4 Rfe8 22.Bxf6 gxf6
23.Qh5 Kf8 24.Qh6+ Ke7 25.Rce1 Nd7 26.Rxe4+ Ne5 27.Qd2 Rec8 28.Rc1 Rab8 29.Bd3 Rb3
30.Bf1 Qc5+ 31.Qd4 a5 32.Qxc5 Rxc5 33.Rh4 Rbxc3 34.Rxc3 Rxc3 35.Rxh7 Rc5
36.Rh8 Rxd5 37.Ra8 Rd1 38.Kf2 Ng4+ 39.Kg3 Nh6 40.Bb5 Nxf5+ 41.Kg4 Ke6 42.Rxa5 Rd4+
43.Kf3 d5  1/2-1/2

[Event "URS-ch (Women)"]
[Site "Tbilisi"]
[Date "1979.??.??"]
[Round "3"]
[White "Chiburdanidze, Maia"]
[Black "Kozlovskaya, Valentina"]
[Result "1-0"]
[WhiteElo "2380"]
[BlackElo "2265"]

1.e4 c5 2.Nf3 d6 3.d4 cxd4 4.Nxd4 Nf6 5.Nc3 e6 6.g4 Nc6 7.g5 Nd7 8.Ndb5 Nb6
9.Bf4 Ne5 10.Qh5 Ng6 11.Bg3 a6 12.Nd4 Be7 13.O-O-O Bxg5+ 14.Kb1 O-O 15.Rg1 Bf6
16.f4 Qc7 17.f5 Ne5 18.Bh3 Qe7 19.Bf4 Kh8 20.Rg3 g6 21.Qe2 Bd7 22.Bh6 Rg8
23.Rf1 gxf5 24.exf5 Rxg3 25.hxg3 Nc6 26.Nxc6 Bxc6 27.fxe6 fxe6 28.Qxe6 Qxe6
29.Bxe6 Be5 30.Rf7 Rg8 31.g4 Na4 32.Nxa4 Bxa4 33.Bf5 Bg7 34.Rxb7 Be8 35.g5 d5
36.Be6 Bc6 37.Bxg7+  1-0

[Event "URS-ch (Women)"]
[Site "Tbilisi"]
[Date "1979.??.??"]
[Round "4"]
[White "Zaitseva, Ludmila G"]
[Black "Chiburdanidze, Maia"]
[Result "0-1"]
[WhiteElo "2210"]
[BlackElo "2380"]

1.d4 Nf6 2.c4 g6 3.Nc3 Bg7 4.Nf3 O-O 5.Bg5 d6 6.e3 Bg4 7.Be2 Nbd7 8.h3 Bxf3
9.Bxf3 c6 10.O-O e5 11.b4 Re8 12.Qb3 Qc7 13.Rfd1 Nf8 14.dxe5 dxe5 15.Bxf6 Bxf6
16.Ne4 Be7 17.c5 Rad8 18.Be2 Kg7 19.Bc4 f5 20.Nc3 e4 21.Ne2 Bf6 22.Rac1 Rxd1+
23.Rxd1 Rd8 24.Rxd8 Qxd8 25.Nf4 Be5 26.Bg8 Qd7 27.h4 h6 28.a4 g5 29.hxg5 hxg5
30.Ne2 Kf6 31.Nc3 g4 32.g3 Ne6 33.Qd1 Qxd1+ 34.Nxd1 a5 35.bxa5 Nxc5 36.Bc4 Bc7
37.Nb2 Bxa5 38.Be2 Bc3 39.Nd1 Nxa4 40.Bc4 b5 41.Bb3 Ba1 42.Kf1 c5 43.Bd5 c4
44.Ke1 c3 45.Bb3 Nc5  0-1

[Event "URS-ch (Women)"]
[Site "Tbilisi"]
[Date "1979.??.??"]
[Round "5"]
[White "Chiburdanidze, Maia"]
[Black "Voronova, Tatiana"]
[Result "1-0"]
[WhiteElo "2380"]
[BlackElo "2000"]

1.e4 e6 2.d4 d5 3.Nd2 Nf6 4.e5 Nfd7 5.f4 c5 6.Ndf3 Nc6 7.c3 Qb6 8.g3 cxd4
9.cxd4 Bb4+ 10.Kf2 O-O 11.Bh3 f5 12.Ne2 Ndb8 13.Rg1 Be7 14.g4 Bd7 15.Nc3 fxg4
16.Bxg4 Kh8 17.b3 Nd8 18.Be3 Ba3 19.Qc2 Nf7 20.Rg3 Qc6 21.Rag1 Na6 22.Rh3 h6
23.Qg6 Be8 24.Bf5 Ng5 25.Rxh6+  1-0

[Event "URS-ch (Women)"]
[Site "Tbilisi"]
[Date "1979.??.??"]
[Round "6"]
[White "Kobaidze, Tsiuri"]
[Black "Chiburdanidze, Maia"]
[Result "0-1"]
[WhiteElo "2150"]
[BlackElo "2380"]

1.d4 Nf6 2.c4 g6 3.Nc3 Bg7 4.e4 d6 5.Be2 O-O 6.Bg5 c5 7.d5 h6 8.Bf4 e6 9.dxe6 Bxe6
10.Bxd6 Re8 11.Nf3 Nc6 12.O-O Qa5 13.Nd2 Rad8 14.Bf4 Nd4 15.Bd3 g5 16.Bg3 Ng4
17.Nd5 Rd7 18.Nb3 Nxb3 19.axb3 Qd8 20.h3 Ne5 21.Rxa7 Nc6 22.Ra2 Nb4 23.Ra1 Bxb2
24.Rb1 Bg7 25.Qf3 Nc6 26.e5 Bxe5 27.Bxe5 Nxe5 28.Qg3 Bxd5 29.cxd5 Nxd3 30.Qxd3 Rxd5
31.Qf3 Re6 32.Rbd1 Rxd1 33.Rxd1 Qe7 34.Kf1 b6 35.g3 Kg7 36.Qc3+ Rf6 37.Rd3 Qe4
38.Kg1 Qf5 39.f4 Kg6 40.Kg2 gxf4 41.gxf4 Qxf4 42.Rg3+ Kh7 43.Qd3+ Rf5 44.Qe2 Rg5
45.Rxg5 hxg5 46.Qd3+ Kg7 47.Qd5 Qe3 48.Qf5 f6 49.Qd5 Qe2+ 50.Kg1 Kg6 51.Qg8+  0-1

[Event "URS-ch (Women)"]
[Site "Tbilisi"]
[Date "1979.??.??"]
[Round "7"]
[White "Chiburdanidze, Maia"]
[Black "Stupina, Elena"]
[Result "1-0"]
[WhiteElo "2380"]
[BlackElo "2000"]

1.e4 e5 2.Nf3 Nc6 3.Bb5 a6 4.Ba4 Nf6 5.O-O b5 6.Bb3 Bb7 7.c3 h6 8.d4 d6 9.Nbd2 g6
10.a4 Bg7 11.Qe2 O-O 12.Rd1 exd4 13.cxd4 Nd7 14.Nf1 Qe7 15.Ng3 Na7 16.Bf4 Rfe8
17.Qd2 Kh7 18.h4 Nf8 19.h5 Ne6 20.Be3 Nf8 21.Re1 c5 22.Rac1 c4 23.Bc2 Nc6
24.Bb1 Qd8 25.Nh2 Na5 26.Rcd1 Qc7 27.f4 Rad8 28.Qf2 Qe7 29.f5 g5 30.f6  1-0

[Event "URS-ch (Women)"]
[Site "Tbilisi"]
[Date "1979.??.??"]
[Round "9"]
[White "Chiburdanidze, Maia"]
[Black "Levitina, Irina S"]
[Result "1-0"]
[WhiteElo "2380"]
[BlackElo "2280"]

1.e4 c5 2.Nf3 d6 3.d4 cxd4 4.Nxd4 Nf6 5.Nc3 Nc6 6.Bg5 e6 7.Qd2 a6 8.O-O-O Bd7
9.Be2 Be7 10.Nb3 Na5 11.f4 Nxb3+ 12.axb3 Bc6 13.Qe3 Qc7 14.Bf3 O-O 15.e5 dxe5
16.fxe5 Nd5 17.Bxd5 Bxd5 18.Bxe7 Qxe7 19.Nxd5 exd5 20.Rxd5 a5 21.Qf4 Qe8
22.Qa4 Qe6 23.Rxa5 Rac8 24.Qe4 Qxb3 25.Rd1 Qb6 26.Ra4 Rfe8 27.Kb1 Qc5 28.Rad4 Qxe5
29.Qxe5 Rxe5 30.Rd8+ Re8 31.Rxc8 Rxc8 32.Rd7 Rb8 33.b4 b5 34.Kb2 g5 35.Kc3 Kg7
36.Kd4 h5 37.Rd5 Kg6 38.c4 bxc4 39.Kxc4 g4 40.b5 f5 41.g3 Kg5 42.Kc5 Rc8+
43.Kd6 Rc2 44.b6 Rxh2 45.Rb5 Re2 46.b7 Re8 47.b8=Q Rxb8 48.Rxb8  1-0

[Event "URS-ch (Women)"]
[Site "Tbilisi"]
[Date "1979.??.??"]
[Round "10"]
[White "Grinfeld, Alla B"]
[Black "Chiburdanidze, Maia"]
[Result "0-1"]
[WhiteElo "2215"]
[BlackElo "2380"]

1.d4 Nf6 2.Nf3 g6 3.Bf4 Bg7 4.e3 O-O 5.Be2 d6 6.h3 c5 7.c3 b6 8.O-O Bb7 9.a4 Nbd7
10.Nbd2 Ne4 11.Bh2 Ndf6 12.a5 Qc7 13.Qc2 Bc6 14.b4 Nxd2 15.Nxd2 cxb4 16.cxb4 Qd7
17.Rfc1 Bb5 18.Bf3 Rac8 19.Qb2 Rxc1+ 20.Rxc1 Rc8 21.Rc3 Ne8 22.Qc1 Rxc3 23.Qxc3 d5
24.Nb1 e6 25.Na3 Bf8 26.Bg3 Ba6 27.axb6 axb6 28.Bd1 Bb5 29.Bb3 Ba4 30.Bc2 Qc6
31.Qb2 Bxc2 32.Nxc2 Qc4 33.Be5 Bd6 34.Bxd6 Nxd6 35.Ne1 Kg7 36.Nf3 Qd3 37.Ne5 Qd1+
38.Kh2 Qf1 39.Qc2 Nc4 40.Nd3 Kf6 41.h4 h5 42.Nf4 Qa1 43.Nd3 Kg7 44.Nf4 Qa3
45.Nd3 Kf6 46.Kg1 Qa1+ 47.Kh2 Ke7 48.Nf4 Kf6 49.Nd3 b5 50.Nf4 Qa4 51.Qc3 Qa2
52.Kg1 Nd2 53.Qc1 Ne4 54.Qe1 Qc4 55.Qb1 Nd2 56.Qd1 Qxb4 57.Kh2 Nc4 58.g4 hxg4
59.Qxg4 Ke7 60.h5 gxh5 61.Nxh5 Qd6+ 62.Kg2 b4 63.Qg5+ Kd7 64.Nf6+ Kc6 65.Qg8 Qe7
66.Qc8+ Kb5 67.Nd7 Nb6 68.Nxb6 Kxb6 69.Kf3 Qc7 70.Qf8 Kb5 71.Qe8+ Kc4 72.Qa4 Kc3
73.Qd1 Kb2 74.Qd2+ Ka3 75.Qd3+ b3 76.Qb5 Qc4 77.Qa5+ Kb2 78.Qd2+ Qc2 79.Qa5 Qd1+  0-1

[Event "URS-ch (Women)"]
[Site "Tbilisi"]
[Date "1979.??.??"]
[Round "11"]
[White "Chiburdanidze, Maia"]
[Black "Fatalibekova, Elena"]
[Result "1-0"]
[WhiteElo "2380"]
[BlackElo "2290"]

1.e4 c5 2.Nf3 Nc6 3.d4 cxd4 4.Nxd4 Nf6 5.Nc3 d6 6.Bg5 e6 7.Qd2 a6 8.O-O-O Bd7
9.f4 Be7 10.Nf3 b5 11.Bd3 h6 12.Bh4 b4 13.Ne2 a5 14.Kb1 a4 15.Rhg1 Ra5 16.g4 d5
17.e5 Ne4 18.Bxe4 dxe4 19.Bxe7 Qxe7 20.Nfd4 Nxd4 21.Qxd4 Rd5 22.Qxe4 Bc6
23.Rxd5 Bxd5 24.Qe3 O-O 25.g5 h5 26.Rd1 Qb7 27.Rd4 Rc8 28.b3 Bf3 29.Nc1 axb3
30.axb3 Bg4 31.Qd2 Bf5 32.Rd8+ Rxd8 33.Qxd8+ Kh7 34.Qd2 h4 35.Na2 h3 36.Nxb4 Qg2
37.Kc1 Qg1+ 38.Kb2 Be4 39.Nd3 Bg2 40.Nf2 Qxh2 41.g6+ fxg6 42.Ne4 g5 43.Nxg5+ Kg6
44.Qd3+ Kh5 45.Qe2+ Kg6 46.Qg4 Qh1 47.Nxe6+ Kf7 48.f5 Qe1 49.Qxg7+ Ke8 50.Qf8+ Kd7
51.Qd6+  1-0

[Event "URS-ch (Women)"]
[Site "Tbilisi"]
[Date "1979.??.??"]
[Round "12"]
[White "Gaprindashvili, Nona"]
[Black "Chiburdanidze, Maia"]
[Result "1/2-1/2"]
[WhiteElo "2405"]
[BlackElo "2380"]

1.d4 Nf6 2.c4 g6 3.Nf3 Bg7 4.g3 O-O 5.Bg2 d6 6.O-O Nc6 7.Nc3 a6 8.b3 Rb8
9.Bb2 b5 10.cxb5 axb5 11.Rc1 Bd7 12.Ne1 Nb4 13.a3 Na6 14.b4 c5 15.dxc5 dxc5
16.bxc5 Nxc5 17.Nd5 Na4 18.Bxf6 Bxf6 19.Nxf6+ exf6 20.Nd3 Be6 21.Nb4 Qxd1
22.Rfxd1 Kg7 23.Rd4 Rfc8 24.Bc6 Rb6 25.Rc2 Bb3 26.Rc1 Be6 27.Rd2 f5 28.f3 h5
29.h4 Bc4 30.Rxc4 bxc4 31.Bxa4 Ra8 32.Nd5 Rd6 33.Bc2 Rxa3 34.Rd1 Ra2 35.Ne3 Re6
36.Kf2 Rxe3 37.Kxe3 Rxc2 38.Rd6 Rc1 39.Rc6 c3 40.Rc4 Kf6 41.Kd3 Rg1 42.Ke3 Rc1
43.Kd3 c2 44.Rc6+ Kg7 45.Rxc2 Rg1 46.Ke3 Rxg3 47.Rc4 Rg1 48.Kf2 Rd1 49.Kg3 Kf6
50.e4 fxe4 51.Rxe4 Rd5 52.Ra4 Ke6 53.Kf4  1/2-1/2

[Event "URS-ch (Women)"]
[Site "Tbilisi"]
[Date "1979.??.??"]
[Round "13"]
[White "Chiburdanidze, Maia"]
[Black "Belavenets, Liudmila"]
[Result "0-1"]
[WhiteElo "2380"]
[BlackElo "2130"]

1.e4 e5 2.Nf3 Nc6 3.Bb5 d6 4.d4 exd4 5.Nxd4 Bd7 6.O-O g6 7.Nc3 Bg7 8.Nde2 Nf6
9.Bg5 h6 10.Bf4 O-O 11.Qd2 Kh7 12.Rad1 a6 13.Ba4 b5 14.Bb3 b4 15.Nd5 Nxe4
16.Qe3 Re8 17.Qf3 Rb8 18.Ng3 f5 19.Nxe4 fxe4 20.Qg3 Nd4 21.Qe3 Nxb3 22.Qxb3 Be6
23.Qc4 Rb5 24.Qc6 Rc5 25.Qb7 Rb5 26.Qc6 Rc5 27.Qb7 Rxc2 28.Qxb4 Rxb2 29.Qa4 Bxd5
30.Rxd5 Qa8 31.Rfd1 Re7 32.Be3 Qb7 33.h4 Rb5 34.Qc4 Rxd5 35.Rxd5 h5 36.g3 Qb1+
37.Kg2 Qb7 38.Bg5 Re8 39.Be3 Re7 40.g4 hxg4 41.h5 Bf6 42.hxg6+ Kxg6 43.Ra5 Qc8
44.Rxa6 g3 45.Bf4 Rh7 46.Qxe4+ Kg7 47.Ra7 Qh3+ 48.Kf3 Qh1+ 49.Ke3 Qe1+ 50.Kd3 Qb1+  0-1

[Event "URS-ch (Women)"]
[Site "Tbilisi"]
[Date "1979.??.??"]
[Round "15"]
[White "Chiburdanidze, Maia"]
[Black "Popivoda, Radimia"]
[Result "0-1"]
[WhiteElo "2380"]
[BlackElo "2000"]

1.e4 e5 2.Nf3 Nf6 3.d4 Nxe4 4.Bd3 d5 5.Nxe5 Bd6 6.O-O O-O 7.c4 Bxe5 8.dxe5 Nc6
9.Bf4 Nb4 10.a3 Nxd3 11.Qxd3 Nc5 12.Qc3 d4 13.Qg3 Bf5 14.Nd2 a5 15.b3 Ra6
16.b4 Rg6 17.Qf3 axb4 18.axb4 Bg4 19.Qa3 Ne6 20.Bg3 Be2 21.Rfe1 d3 22.Qb2 h5
23.h4 Rg4 24.Kh2 Nd4 25.Ra5 Nf5 26.e6 fxe6 27.Qe5 Qd6 28.Ne4 Qxe5 29.Rxe5 Nxg3
30.fxg3 Rd8 31.Nc3 Rxc4 32.Nxe2 dxe2 33.b5 Rd5 34.Rxe6 Rxb5 35.R1xe2 Rbc5
36.Re7 Rg4 37.Rd2 b5 38.Rdd7 c6 39.Rb7 Rc3 40.Rec7 b4 41.Rb6 Rcxg3 42.Rc8+ Kh7
43.Rcxc6 Rxg2+ 44.Kh1 R2g3 45.Kh2 Rc3 46.Rxc3 bxc3 47.Rc6 Rxh4+ 48.Kg3 Ra4
49.Rxc3 Kh6 50.Rc5 Ra3+ 51.Kh2 h4 52.Rb5 g5 53.Rc5 Kh5 54.Rb5 h3 55.Rc5 Kh4
56.Rc4+ g4 57.Rb4 Ra2+ 58.Kh1 Re2 59.Ra4 Kg3 60.Ra3+ Kf4 61.Ra8 g3 62.Rf8+ Ke3
63.Re8+ Kd3 64.Rd8+ Kc4 65.Rc8+ Kd5 66.Rd8+ Kc6 67.Rc8+ Kd7 68.Rc1 Rd2 69.Ra1 Kd6
70.Ra6+ Kd5 71.Ra1 Kd4 72.Kg1 Ke3 73.Re1+ Kd3 74.Ra1 Ke2  0-1

[Event "URS-ch (Women)"]
[Site "Tbilisi"]
[Date "1979.??.??"]
[Round "16"]
[White "Muchnik, Larisa l"]
[Black "Chiburdanidze, Maia"]
[Result "1/2-1/2"]
[WhiteElo "2000"]
[BlackElo "2380"]

1.e4 c5 2.Nc3 Nc6 3.f4 e6 4.Nf3 Nge7 5.g3 d5 6.e5 Nf5 7.d3 Be7 8.Bh3 O-O
9.O-O Nfd4 10.Nxd4 Nxd4 11.Ne2 Nc6 12.c3 b5 13.a3 Rb8 14.d4 b4 15.axb4 cxb4
16.f5 exf5 17.Bxf5 Bxf5 18.Rxf5 Qd7 19.Qd3 a5 20.Rh5 g6 21.Rh6 f5 22.g4 fxg4
23.Rxg6+ hxg6 24.Qxg6+ Kh8  1/2-1/2

[Event "URS-ch (Women)"]
[Site "Tbilisi"]
[Date "1979.??.??"]
[Round "17"]
[White "Chiburdanidze, Maia"]
[Black "Alexandria, Nana"]
[Result "1-0"]
[WhiteElo "2380"]
[BlackElo "2340"]

1.e4 c5 2.Nf3 e6 3.d4 cxd4 4.Nxd4 Nc6 5.Nb5 d6 6.c4 Nf6 7.N1c3 a6 8.Na3 Be7
9.Be2 O-O 10.O-O b6 11.Be3 Bb7 12.Qb3 Nd7 13.Rac1 Nc5 14.Qc2 Qb8 15.Nab1 b5
16.cxb5 axb5 17.Bxb5 Nb4 18.Qe2 Nxa2 19.Nxa2 Rxa2 20.Nc3 Ra8 21.f3 Rc8 22.Rcd1 Nb3
23.Na4 Bd8 24.Rd3 Na5 25.Rc3 Rxc3 26.Nxc3 Bf6 27.Rd1 Be5 28.Na4 d5 29.exd5 Bxh2+
30.Kh1 Qe5 31.Nb6 Qh5 32.g4  1-0

[Event "URS Spartakiad"]
[Site "URS"]
[Date "1979.??.??"]
[Round "?"]
[White "Nevednichaia, Raisa"]
[Black "Chiburdanidze, Maia"]
[Result "0-1"]
[WhiteElo "2000"]
[BlackElo "2380"]

1.d4 Nf6 2.c4 g6 3.Nc3 Bg7 4.e4 d6 5.f3 O-O 6.Be3 a6 7.Qd2 c6 8.Bd3 b5 9.Nge2 Nbd7
10.O-O Rb8 11.b3 Bb7 12.Rac1 bxc4 13.bxc4 c5 14.Nd5 cxd4 15.Nxd4 Nc5 16.Nxf6+ Bxf6
17.Nb3 Qc7 18.Rfd1 Bc6 19.Bc2 Rfd8 20.Bd4 Bxd4+ 21.Qxd4 Ne6 22.Qe3 Ba4 23.Nd4 Nxd4
24.Qxd4 Bd7 25.Rb1 Be6 26.Rxb8 Rxb8 27.Bb3 a5 28.Qe3 Rb4 29.a3 Rb7 30.Ba2 Rb2
31.Bb3 a4 32.Bxa4 Qxc4  0-1

[Event "URS Spartakiad"]
[Site "URS"]
[Date "1979.??.??"]
[Round "?"]
[White "Zitserman, Tatyana"]
[Black "Chiburdanidze, Maia"]
[Result "1/2-1/2"]
[WhiteElo "2000"]
[BlackElo "2380"]

1.c4 g6 2.Nc3 Bg7 3.g3 d6 4.Bg2 e5 5.e3 Nc6 6.Nge2 Nf6 7.d3 O-O 8.O-O Be6
9.Nd5 Qd7 10.Rb1 Bh3 11.b4 Bxg2 12.Kxg2 Ne7 13.Nxe7+ Qxe7 14.Nc3 Rfd8 15.Nd5 Qd7
16.Nxf6+ Bxf6 17.Qf3 Qc6 18.e4 Bg7 19.Be3 Qd7 20.b5 a6 21.bxa6 b6 22.Qe2 Rxa6
23.Rfc1 Rda8 24.Rc2 h5 25.h4 Kh7 26.f3 f5 27.exf5 Qxf5 28.g4 Qf7 29.Bc1 Bh6
30.g5 Bg7 31.a3 Ra4 32.Rb4 R4a7 33.Rb5 Qd7 34.Qe4 Rf8 35.Ra2 Ra4 36.Qe2 Rf7
37.Qe4 Qe8 38.Rb4 Ra5 39.d4 d5 40.cxd5 Rd7 41.Rd2  1/2-1/2

[Event "URS Spartakiad"]
[Site "URS"]
[Date "1979.??.??"]
[Round "?"]
[White "Chiburdanidze, Maia"]
[Black "Semenova, Lidia K"]
[Result "1-0"]
[WhiteElo "2380"]
[BlackElo "2245"]

1.e4 c5 2.Nf3 g6 3.d4 Bg7 4.d5 b5 5.Be2 Qb6 6.O-O d6 7.a4 bxa4 8.Nbd2 Bd7
9.Nc4 Qd8 10.e5 dxe5 11.Nfxe5 a5 12.Be3 Nf6 13.Bxc5 Na6 14.Bb6 Qb8 15.d6 exd6
16.Nxd6+ Kf8 17.Bf3 Be6 18.Ndc4 Kg8 19.Bxa8 Qxa8 20.Rxa4 Nd5 21.Rxa5 Qc8  1-0

[Event "URS Spartakiad"]
[Site "URS"]
[Date "1979.??.??"]
[Round "?"]
[White "Chiburdanidze, Maia"]
[Black "Kozlovskaya, Valentina"]
[Result "1-0"]
[WhiteElo "2380"]
[BlackElo "2265"]

1.e4 c5 2.Nf3 d6 3.d4 cxd4 4.Nxd4 Nf6 5.Nc3 Nc6 6.Bg5 e6 7.Qd2 a6 8.O-O-O h6
9.Be3 Nxd4 10.Bxd4 b5 11.f3 Be7 12.g4 Bb7 13.h4 Qc7 14.Qf2 Bc6 15.Bd3 e5
16.Be3 Qb7 17.g5 Nd7 18.gxh6 gxh6 19.Qd2 Bf8 20.Bf1 f5 21.Bh3 f4 22.Bf2 b4
23.Nd5 Bxd5 24.exd5 Qb5 25.Rhg1 a5 26.h5 Kd8 27.Kb1 Nc5 28.Bh4+ Kc7 29.Bf5 Nd7
30.c4 Qb6 31.Bxd7 Kxd7 32.Qd3  1-0

[Event "URS Spartakiad"]
[Site "URS"]
[Date "1979.??.??"]
[Round "?"]
[White "Chiburdanidze, Maia"]
[Black "Golovey, Tamara O"]
[Result "1-0"]
[WhiteElo "2380"]
[BlackElo "2130"]

1.e4 c5 2.Nf3 e6 3.d4 cxd4 4.Nxd4 Nc6 5.Nb5 d6 6.c4 Nf6 7.N1c3 a6 8.Na3 Be7
9.Be2 O-O 10.O-O b6 11.Be3 Bb7 12.Qb3 Nd7 13.Rad1 Nc5 14.Qc2 Bf6 15.Nab1 Nb4
16.Qd2 Be5 17.f4 Bf6 18.a3 Nb3 19.Qxd6 Nc6 20.Qxd8 Bxd8 21.Na4 e5 22.fxe5 Nxe5
23.Nbc3 Na5 24.Bd4 f6 25.Bxe5 fxe5 26.Nd5 Bxd5 27.exd5 Rxf1+ 28.Rxf1 Bg5
29.Rf3 Rf8 30.Kf2 Bd8 31.Kg3 Rxf3+ 32.Kxf3 Kf8 33.Ke4 Bc7 34.d6 Bxd6 35.Nxb6 Nb3
36.Kd5 Bc7 37.Nd7+ Ke7 38.Nxe5 Nc1 39.Bf1 Nb3 40.Bd3 g6 41.Nf3 Bf4 42.c5 a5
43.Bc2  1-0

[Event "URS Spartakiad"]
[Site "URS"]
[Date "1979.??.??"]
[Round "?"]
[White "Chiburdanidze, Maia"]
[Black "Akopian, Artak"]
[Result "1-0"]
[WhiteElo "2380"]
[BlackElo "2000"]

1.e4 e6 2.d4 d5 3.Nd2 dxe4 4.Nxe4 Bd7 5.Nf3 Bc6 6.Bd3 Nd7 7.Qe2 Ngf6 8.Neg5 Bxf3
9.Nxf3 c6 10.O-O Bd6 11.Ne5 O-O 12.Bf4 Nb6 13.c4 c5 14.dxc5 Bxc5 15.Rad1 Qe7
16.Bg5 h6 17.Bh4 Rfd8 18.Ng4 Bd4 19.Bb1 Kf8 20.b3 g5 21.Nxf6 Bxf6 22.Bg3 Rxd1
23.Rxd1 Rd8 24.Be4 Rxd1+ 25.Qxd1 Nc8 26.h3 b6 27.Bc6 e5 28.Qd3 Qd6 29.Bd5 Ne7
30.f3 Ng6 31.Be4 Qxd3 32.Bxd3 Nf4 33.Bf1 Ke7 34.Be1 Kd7 35.Kf2 Ne6 36.Ke3 Bg7
37.Ke4 Nd4 38.h4 f5+ 39.Kd3 Ne6 40.b4 Bf8 41.hxg5 hxg5 42.Ke3 Nd4 43.Bd3 Ke6
44.g4 fxg4 45.fxg4 Bd6 46.Be4 Kd7 47.Bd2 Be7 48.Kd3 Kc7 49.Bd5 Kd6 50.Ke4 Bf6
51.b5 Kd7 52.Bb4 Bg7 53.a4 Nc2 54.Bd2  1-0

[Event "Baku"]
[Site "Baku"]
[Date "1980.??.??"]
[Round "1"]
[White "Chiburdanidze, Maia"]
[Black "Torre, Eugenio"]
[Result "0-1"]
[WhiteElo "2400"]
[BlackElo "2520"]

1.e4 e5 2.Nf3 Nc6 3.Bb5 a6 4.Ba4 Nf6 5.O-O Be7 6.Re1 b5 7.Bb3 d6 8.c3 O-O
9.h3 Na5 10.Bc2 c5 11.d4 Qc7 12.Nbd2 cxd4 13.cxd4 Rd8 14.Nf1 exd4 15.Nxd4 d5
16.e5 Ne4 17.Nd2 Bb7 18.N2f3 Nc4 19.e6 Bc5 20.b3 Na3 21.Be3 Bb4 22.Rc1 Nxc2
23.Rxc2 Qd6 24.Nf5 Qxe6 25.Nxg7 Qg6 26.Bd4 Bxe1 27.Nh4 Bxf2+ 28.Rxf2 Nxf2
29.Kxf2 Qe4 30.Nh5 Rd6 31.Kg3 Re8  0-1

[Event "Baku"]
[Site "Baku"]
[Date "1980.??.??"]
[Round "3"]
[White "Chiburdanidze, Maia"]
[Black "Zaitsev, Igor A"]
[Result "1/2-1/2"]
[WhiteElo "2400"]
[BlackElo "2490"]

1.e4 e5 2.Nf3 Nc6 3.Bb5 a6 4.Ba4 Nf6 5.O-O Be7 6.Re1 b5 7.Bb3 O-O 8.c3 d6
9.h3 Bb7 10.d4 Re8 11.Ng5 Rf8 12.Nf3 Qd7 13.Bg5 Rae8 14.Nbd2 h6 15.Be3 exd4
16.cxd4 Nb4 17.Qb1 c5 18.d5 c4 19.Bc2 Bd8 20.a3 Nxc2 21.Qxc2 Ba5 22.a4 Nxe4
23.Nxe4 Bxe1 24.Rxe1 f5 25.Ned2 f4 26.Bd4 Rxe1+ 27.Nxe1 Qf5 28.Qc3 Rf7 29.axb5 axb5
30.b3 Re7 31.Nef3 cxb3 32.Qxb3 Qxd5 33.Qb4 Rf7 34.Bb2  1/2-1/2

[Event "Baku"]
[Site "Baku"]
[Date "1980.??.??"]
[Round "4"]
[White "Mikhalchishin, Adrian"]
[Black "Chiburdanidze, Maia"]
[Result "1/2-1/2"]
[WhiteElo "2490"]
[BlackElo "2400"]

1.e4 c5 2.Nf3 d6 3.d4 cxd4 4.Nxd4 Nf6 5.Nc3 a6 6.Be2 e5 7.Nb3 Be7 8.O-O O-O
9.Bg5 Be6 10.f4 exf4 11.Bxf4 Nc6 12.Kh1 Re8 13.Qe1 Nd7 14.Rd1 Nde5 15.Nd5 Rc8
16.c4 Bf8 17.Bg3 Bxd5 18.Rxd5 Qb6 19.Qd2  1/2-1/2

[Event "Baku"]
[Site "Baku"]
[Date "1980.??.??"]
[Round "5"]
[White "Chiburdanidze, Maia"]
[Black "Lechtynsky, Jiri"]
[Result "1-0"]
[WhiteElo "2400"]
[BlackElo "2450"]

1.e4 c5 2.Nf3 Nf6 3.e5 Nd5 4.d4 cxd4 5.Qxd4 e6 6.Bc4 Nc6 7.Qe4 d6 8.exd6 Nf6
9.Qe2 Bxd6 10.O-O Qa5 11.Rd1 Be7 12.Nc3 O-O 13.Bf4 a6 14.a4 Bd7 15.Ne4 Qf5
16.Nxf6+ Bxf6 17.Bc7 Be8 18.c3 Rc8 19.Bg3 Ne7 20.Bd6 Bc6 21.Nd4 Bxd4 22.Rxd4 Rfe8
23.Rf4 Qg5 24.Rg4 Qa5 25.b4 Qd8 26.Rd1 Bd5 27.Bc5 Ng6 28.Bxd5 exd5 29.Qd2 Qd7
30.Rd4 Qxa4 31.Rxd5 Qc6 32.h3 h6 33.Rd6 Qe4 34.Qd4 Qxd4 35.R1xd4 Ne5 36.Re4 Nc6
37.Rxe8+ Rxe8 38.f4 Re1+ 39.Kf2 Rc1 40.Rd3 g5 41.Ke3 Rc2 42.fxg5 hxg5 43.g4 f6
44.Ke4 Kf7 45.Rd7+ Ke6 46.Rd6+ Kf7 47.Rd7+ Ke6 48.Rxb7 Rxc3 49.Rb6 Kd7 50.Rxa6 Rxh3
51.b5 Ne5 52.Ra7+ Kc8 53.b6 Rb3 54.Rc7+ Kb8 55.Bd6 Nf3 56.Rc3+ Kb7 57.Rxf3 Rxb6
58.Rxf6  1-0

[Event "Baku"]
[Site "Baku"]
[Date "1980.??.??"]
[Round "6"]
[White "Vogt, Lothar"]
[Black "Chiburdanidze, Maia"]
[Result "1/2-1/2"]
[WhiteElo "2510"]
[BlackElo "2400"]

1.Nf3 Nf6 2.c4 g6 3.Nc3 Bg7 4.e4 d6 5.d4 O-O 6.Be2 e5 7.O-O Nc6 8.d5 Ne7
9.Bd2 Nh5 10.g3 f5 11.exf5 Nxf5 12.Ne4 Nf6 13.Bg5 h6 14.Bxf6 Bxf6 15.c5 Bg7
16.Rc1 g5 17.cxd6 cxd6 18.h3 Ne7 19.Kh2 Bf5 20.Nfd2 Qd7 21.Bg4 Nxd5 22.Bxf5 Rxf5
23.Nc4 Nb6 24.Qxd6 Rf7 25.Qg6 Nxc4 26.Rxc4 Qd5 27.Rfc1 Raf8 28.Kg1 Qd7 29.Nc5 Qf5
30.Qxf5 Rxf5 31.Ne4 R5f7 32.Rc7 Rxc7 33.Rxc7 Rf7 34.Rxf7 Kxf7 35.Nd6+ Ke6
36.Nxb7 Kd5 37.b3 e4 38.Na5 Bc3 39.Nc4 Kd4 40.Kf1 Kd3 41.g4 a5 42.Ne3 Bb4  1/2-1/2

[Event "Baku"]
[Site "Baku"]
[Date "1980.??.??"]
[Round "9"]
[White "Antoshin, Vladimir S"]
[Black "Chiburdanidze, Maia"]
[Result "0-1"]
[WhiteElo "2480"]
[BlackElo "2400"]

1.d4 Nf6 2.c4 g6 3.Nc3 Bg7 4.e4 d6 5.Be2 O-O 6.Nf3 e5 7.d5 a5 8.O-O Na6 9.Bg5 h6
10.Bh4 Qe8 11.Nd2 Nh7 12.a3 Bd7 13.b3 h5 14.f3 Bh6 15.Rb1 Be3+ 16.Bf2 Bc5
17.Bxc5 Nxc5 18.b4 axb4 19.axb4 Na4 20.Nxa4 Rxa4 21.Qb3 Qe7 22.Rb2 Rfa8 23.Qe3 Ra2
24.Rfb1 Qg5 25.Qxg5 Nxg5 26.h4 Nh7 27.c5 Kf8 28.Nc4 Bb5 29.Na5 Rxb2 30.Rxb2 Bxe2
31.Rxe2 b6 32.cxb6 cxb6 33.Nc4 Ke7 34.Rb2 Ra1+ 35.Kh2 b5 36.Na5 f5 37.exf5 gxf5
38.Rc2 Kd7 39.Rc6 Rd1 40.Rb6 Nf6 41.Rb7+ Ke8 42.Rxb5 Nxd5 43.Nc4 Ke7 44.Rb7+ Ke6
45.b5 f4 46.g4 hxg4 47.fxg4 Ne3 48.Rc7 Nxg4+ 49.Kh3 Rg1 50.h5 Rg3+ 51.Kh4 Nf2
52.h6 Kf6  0-1

[Event "Baku"]
[Site "Baku"]
[Date "1980.??.??"]
[Round "10"]
[White "Chiburdanidze, Maia"]
[Black "Padevsky, Nikola"]
[Result "1/2-1/2"]
[WhiteElo "2400"]
[BlackElo "2415"]

1.e4 e5 2.Nf3 Nc6 3.Bb5 a6 4.Ba4 Nf6 5.O-O Be7 6.d4 exd4 7.Re1 d6 8.Nxd4 Bd7
9.Nxc6 Bxc6 10.Bxc6+ bxc6 11.c4 O-O 12.Nc3 Nd7 13.Be3 Bf6 14.Rc1 Re8 15.f3 Be5
16.Qd2 c5 17.Nd5 c6 18.Nc3 Nf8 19.Qe2 Qc7 20.Red1 Rad8 21.Bg5 Rd7 22.Bf4  1/2-1/2